000 00907nam a2200289Ia 4500
003 GCL
005 20240530095445.0
008 140319s9999 xx 000 0 ara d
040 _aGCL /
_cGCL
082 0 4 _a601.1
_bا ت
100 1 _aاحمد انور زهران
245 1 0 _aالتكنولوجيا والصناعة /
_cاحمد انور زهران
260 _aالقاهرة :
_bاكاديمية البحث العلمى والتكنولوجيا ،
_c1999
300 _a369 ص ؛
_c24 سم
490 _aقطوف من العلم
_v8
650 0 4 _aالسيارات
650 0 4 _aالثلاجات
650 0 4 _aالكهرباء
650 0 4 _aالبترول
650 0 4 _aالتكنولوجيا
650 0 4 _aالصناعة
650 0 4 _aالحديد
650 0 4 _aالاشعاع
650 0 4 _aالهندسة الوراثية
650 0 4 _aالغاز الطبيعى
942 _2ddc
_cBK
999 _c7462
_d7462